000 00621nam a22001817a 4500
003 UA-OsUOA
001 18078
007 ta
008 20040419b un ||||| |||| 00| 0 ukr d
100 _aКульпач Л.
942 _cSA
040 _aUA-OsUOA
_cUA-OsUOA
_dUA-OsUOA
245 _aЗдобутки томашгорських гірників
_b[Про ВАТ "Томашгородський щебзавод" Рокитнів. р-ну]
300 _aС.1
955 _a0
773 0 _w0
_tРокитнівщина
_dРокитне
_d2004
_g№22/17 берез./
650 7 _aКраєзнавча робота
_2UDC
999 _c304248
_d304248